Statistics for asian countries from a-z

Click here to take the quiz!

General Stats

  • This quiz has been taken 5 times
  • The average score is 24 of 50

Answers on the Map

Answers color-coded by a green-red scale on the quiz's map according to % correct below.
 

Answer Stats

Answer% Correct
afghanistan
100%
armenia
60%
bhutan
60%
china
60%
east timor
60%
india
60%
indonesia
60%
israel
60%
laos
60%
malaysia
60%
mongolia
60%
oman
60%
saudi arabia
60%
south korea
60%
thailand
60%
united arab emirates
60%
uzbekistan
60%
yemen
60%
azerbaijan
40%
bahrain
40%
bangladesh
40%
brunei
40%
cambodia
40%
cyprus
40%
egypt
40%
georgia
40%
iran
40%
iraq
40%
japan
40%
jordan
40%
kazakhstan
40%
kuwait
40%
kyrgyzstan
40%
lebanon
40%
maldives
40%
myanmar
40%
nepal
40%
north korea
40%
pakistan
40%
philippines
40%
qatar
40%
russia
40%
singapore
40%
sri lanka
40%
syria
40%
taiwan
40%
tajikistan
40%
turkey
40%
turkmenistan
40%
vietnam
40%

Score Distribution

Percentile by Number Answered

Percent of People with Each Score

Your Score History

You have not taken this quiz